000 00573nam a2200217Ia 4500
005 20251121154024.0
008 230125s9999 xx 000 0 und d
020 _a9788184956269
041 _aeng
082 _a158.1
_bHER
100 _aHerceg R
_9215327
245 _aThe Power Book
_b200 Ways to Make Power Work for you
250 _aEd.1st
260 _c2016
_bJaico Publishing House
_aMumbai
300 _a212p
500 _aPersonality Development
650 _aPersonality Development
_9213420
700 _aHerceg R
_9215327
906 _b77.5
942 _cBK
999 _c94776
_d94776